书目信息 |
| 题名: |
EDA技术及应用
|
|
| 作者: | 于玉亭 , 张丽华 主编 | |
| 分册: | ||
| 出版信息: | 北京 机械工业出版社 2021 |
|
| 页数: | 233页 | |
| 开本: | 26cm | |
| 丛书名: | 普通高等教育电子信息类系列教材 | |
| 单 册: | ||
| 中图分类: | TN431.20 | |
| 科图分类: | ||
| 主题词: | 电子电路--dian zi dian lu--电路设计--计算机辅助设计--高等教育--教材 | |
| 电子资源: | ||
| ISBN: | 978-7-111-68027-7 | |
| 000 | 01174oam2 2200325 450 | |
| 001 | 011025150650 | |
| 005 | 20221025150650.0 | |
| 010 | @a978-7-111-68027-7@dCNY45.00 | |
| 099 | @aCAL 012021094298 | |
| 100 | @a20201004d2021 em y0chiy50 ea | |
| 101 | 0 | @achi |
| 102 | @aCN@b110000 | |
| 105 | @aak a 000yy | |
| 106 | @ar | |
| 200 | 1 | @aEDA技术及应用@AEDAji shu ji ying yong@f主编于玉亭, 张丽华 |
| 205 | @a第2版 | |
| 210 | @a北京@c机械工业出版社@d2021 | |
| 215 | @a233页@c图@d26cm | |
| 225 | 2 | @a普通高等教育电子信息类系列教材@Apu tong gao deng jiao yu dian zi xin xi lei xi lie jiao cai |
| 312 | @a英文并列题名取自封面 | |
| 320 | @a有书目 | |
| 330 | @a本书共7章,主要内容包括:EDA技术概述、可编程逻辑器件、QuartusⅡ软件安装及使用、VHDL入门基础、VHDL的语句、有限状态机和VHDL设计实例。 | |
| 410 | 0 | @12001 @a普通高等教育电子信息类系列教材 |
| 510 | 1 | @aEDA technology and application@zeng |
| 606 | 0 | @a电子电路@Adian zi dian lu@x电路设计@x计算机辅助设计@x高等教育@j教材 |
| 690 | @aTN431.20@v5 | |
| 701 | 0 | @a于玉亭@Ayu yu ting@4主编 |
| 701 | 0 | @a张丽华@Azhang li hua@4主编 |
| 801 | 0 | @aCN@c20221025 |
| 905 | @a河南城建学院图书馆@dTN431.20@eY733 | |
| EDA技术及应用/主编于玉亭, 张丽华.-第2版.-北京:机械工业出版社,2021 |
| 233页:图;26cm.-(普通高等教育电子信息类系列教材) |
| ISBN 978-7-111-68027-7:CNY45.00 |
| 本书共7章,主要内容包括:EDA技术概述、可编程逻辑器件、QuartusⅡ软件安装及使用、VHDL入门基础、VHDL的语句、有限状态机和VHDL设计实例。 |
| ● |
| 相关链接 |
|
|
|
正题名:EDA技术及应用
索取号:TN431.20/Y733
 
预约/预借
| 序号 | 登录号 | 条形码 | 馆藏地/架位号 | 状态 | 备注 |
| 1 | 1584992 | 215849928 | 自科库301/301自科库 28排1列4层/ [索取号:TN431.20/Y733] | 在馆 |